<Die> Arbeit Gewerkschaftszeitschrift für Theorie und Praxis

Saved in:
Bibliographic Details
Format: Serial
Language:German
Published: Berlin Tribüne 1975
Tags: Add Tag
No Tags, Be the first to tag this record!

MARC

LEADER 00000nas2a2200000$$$4500
001 0006866
005 20250730114231.1
041 0 |a ger 
044 |a DE 
245 1 0 |a <Die> Arbeit  |b Gewerkschaftszeitschrift für Theorie und Praxis 
264 1 |a Berlin  |b Tribüne  |c 1975 
300 |a 1 zv. 
773 0 |w eu_un_cat*0006847